|
|
|
|
| LEADER |
01005nam a2200217 u 4500 |
| 001 |
10065904 |
| 003 |
GR-PaULI |
| 005 |
20220114105148.0 |
| 008 |
080328s1992 gr a gre |
| 952 |
|
|
|0 0
|1 0
|2 ddc
|4 0
|6 686_220000000000000_ΤΥΠ
|7 0
|9 323856
|a LISP
|b LISP
|c ADM
|d 2021-02-26
|i 150953
|l 0
|o 686.22 ΤΥΠ
|p 025000277569
|r 2021-02-26 00:00:00
|t 1
|w 2021-02-26
|y BKN
|
| 999 |
|
|
|c 181951
|d 181951
|
| 040 |
|
|
|a GR-PaULI
|c GR-PaULI
|b gre
|e AACR2
|
| 082 |
0 |
4 |
|a 686.22
|2 23
|
| 245 |
0 |
0 |
|a Τυπογραφείο "Κείμενα" :
|b κατάλογος των στοιχείων /
|c τον κατάλογο επιμελήθηκε η Βάσω Κυριαζάκου.
|
| 260 |
|
|
|a Αθήνα :
|b Γαβριηλίδης,
|c 1992.
|
| 300 |
|
|
|a [62] σ. :
|b εικ. ;
|c 30 εκ.
|
| 610 |
|
4 |
|9 185484
|a Τυπογραφείο "Κείμενα"
|
| 650 |
|
4 |
|a Τυπογραφία, Ελληνική
|9 6428
|
| 700 |
1 |
|
|a Κυριαζάκου, Βάσω,
|e επιμελήτρια.
|9 23346
|
| 942 |
|
|
|2 ddc
|c BKN
|
| 998 |
|
|
|c ΜΠΟΥΡΑΣ
|d 2021-02
|